Представление документа в формате RUSMARC

ПолеНазваниеЗначение
  Тип записи a
  Библиографический уровень m
001 Контрольный номер 3931398b0c5d402987d9c1b5d72e4ded
005 Дата корректировки 20150407110701.8
010 Индекс ISBN __
a ISBN 978-5-9916-2323-0
101 Язык документа 0_
a Язык текста rus
102 Страна публикации __
a Страна публикации RU
200 Заглавие и сведения об ответственности 1_
a Заглавие Экономика организации (предприятия)
e Сведения, относящиеся к заглавию учебное пособие/ И.В. Сергеев
b Общее обозначение материала Текст
205 Сведения об издании __
a Основные сведения об издании 5-е изд.
b Дополнительные сведения об издании испр. и доп.
210 Выходные данные 1_
a Место издания М.
c Издательство Юрайт
d Дата издания 2013
215 Физическое описание __
a Объем 671 с.
686 Индексы других классификаций __
a Классификационный индекс 65.291
700 Автор _1
a Фамилия Сергеев
b Имя И.В.
801 Источник записи _0
a Страна RU
b Организация РУК
c Дата составления 07.04.2015
g Правила каталогизации PSBO
801 Источник записи _1
a Страна RU
b Организация РУК
c Дата составления 07.04.2015
g Правила каталогизации PSBO
852 Данные о местонахождении __
i Авторский знак С-32
901 Тип документа __
t Тип документа m
937 Технологическая информация __
a Создатель записи (имя) РомановаЕФ
938 Служебная информация __
a Название организации Арзамасский филиал